000 00563nam a22002051i 4500
001 bimo0001381307
003 OSt
005 20140826213007.0
008 960722s1977 sp spa
020 _a84-239-1621-9
_c.
040 _aSpMaBN
_cBMC
082 _a920 Ramón y Cajal, Santiago
100 1 _aRodríguez, Enriqueta L.
245 1 0 _aAsí era Cajal
_cEnriqueta L. Rodríguez
260 0 _aMadrid
_bEspasa-Calpe
_c1977
300 _a200 p.
_c18 cm
490 0 _aAustral
_v1621
600 _9141
_aRamón y Cajal, Santiago
_d1852-1934
942 _2ddc
_cBK
999 _c636
_d636